Villes de France - Mort subite - Statistiques

Statistiques générales
  • Ce quiz a été pris 237 644 fois
    235 929 depuis la dernière actualisation
  • Le résultat moyen est 6 sur 18
Answers on the Grid
Answers color-coded by a green-red scale on the quiz's grid according to % correct below.
Bordighera
Lucerne
Neuchâtel
Sept-Îles
Differdange
Montreux
Ratisbonne
Liège
Esch-sur-Alzette
Louvain
Mayence
Anvers
Gatineau
Charleroi
Irun
Saint-Jacques-de-Compostelle
Tournai
Sarrelouis
Sarrebourg
Porto-Vecchio
Toulouse
Ajaccio
Charleville-Mézières
Limoges
Reims
Montpellier
Amiens
Wattrelos
Metz
Biguglia
Altkirch
Bayonne
Urrugne
Neufchateau
Wissembourg
Paris
 
Statistiques - réponses
Réponse % Correct
Paris
58%
Metz
54%
Reims
54%
Toulouse
53%
Amiens
52%
Limoges
51%
Montpellier
51%
Ajaccio
49%
Bayonne
46%
Charleville-Mézières
28%
Porto-Vecchio
27%
Sarrebourg
11%
Neufchateau
10%
Wattrelos
7%
Altkirch
6%
Wissembourg
6%
Urrugne
5%
Biguglia
4%
Aucun quiz correspondant
Distribution des résultats
% des personnes avec chaque résultat
Percentile par nombre de réponses
Votre historique - résultats
Vous n’avez pas pris ce quiz depuis la dernière actualisation